Statistics for Acura Car Models Worldwide 2022-23

Click here to take the quiz!

General Stats

  • This quiz has been taken 285 times
    (182 since last reset)
  • The average score is 6 of 8

Answer Stats

HintAnswer% Correct
SupercarNSX Type S
93%
Midsize CrossoverMDX
81%
Sport Midsize CrossoverMDX Type S
81%
Compact CrossoverRDX
76%
Midsize SedanTLX
72%
Sport Midsize SedanTLX Type S
72%
Compact LiftbackIntegra
64%
Subcompact CrossoverCDX
34%

Score Distribution

Percentile by Number Answered

Percent of People with Each Score

Your Score History

You have not taken this quiz since the last reset